| 000 | 00875nam a22002417a 4500 | ||
|---|---|---|---|
| 999 |
_c896 _d896 |
||
| 003 | AR-CdUCM | ||
| 008 | 190225b ||||| |||| 00| 0 spa d | ||
| 040 |
_aMUNICIPALIDAD PROVINCIAL DEL CUSCO _cBIBLIOTECA MUNICIPAL DEL CUSCO |
||
| 041 | _hger | ||
| 082 |
_a947 / _bN86 |
||
| 100 |
_aNovak, Joseph _93450 |
||
| 245 | _a¡El futuro es nuestro camaradas! | ||
| 260 |
_aBarcelona-Madrid : _bNoguer, _c1965. |
||
| 300 |
_a240 páginas ; _c22 cm. |
||
| 505 | _aEl hombre soviético en su hogar -- El hombre soviético y su calle -- En una jaula -- En el frente de trabajo socialista -- El ejército soviético socialista, escuela de heroísmo y patriotismo -- En el hospital... | ||
| 650 |
_aURSS _92690 |
||
| 650 |
_aSoviético _93451 |
||
| 650 |
_aRusia _9499 |
||
| 650 |
_aHistoria _9136 |
||
| 650 |
_aRevolución _9844 |
||
| 942 |
_2ddc _cLIBROS |
||
| 945 |
_admma _d2019-02-25 |
||